| 000 | 01189cam a2200361Mi 4500 | ||
|---|---|---|---|
| 001 | 75678 | ||
| 005 | 20230410143103.0 | ||
| 008 | 080828s2008 sp 000 0 spa d | ||
| 035 | _a(OCoLC)ocn247285822 | ||
| 040 |
_aPL# _bspa _cPL# _dBNM |
||
| 020 | _a8487072976 | ||
| 020 | _a9788487072970 | ||
| 029 | 0 |
_aPL# _b080002064 |
|
| 035 | _a(OCoLC)247285822 | ||
| 049 | _aGRAL | ||
| 050 | 1 | 4 | _ab |
| 245 | 0 | 0 |
_aAsia central y la seguridad energética global : _bnuevos actores y dinámicas de Eurasia / _cAlex González y Carmen Claudín (eds.). |
| 260 |
_aBarcelona : _bFundació CIDOB, _c2008. |
||
| 300 |
_a252 p. ; _c22 cm |
||
| 440 | 0 |
_aInterrogar la actualidad. _pSerie Asia |
|
| 504 | _aBibliografía: p. 251-252. | ||
| 653 |
_aRecursos energéticos _aAsia central. |
||
| 653 |
_aDesarrollo regional _aAsia central. |
||
| 653 | _aGeopolítica. | ||
| 650 | 7 |
_aRecursos energéticos _zAsia central. |
|
| 650 | 7 |
_aSeguridad internacional _zAsia central. |
|
| 650 | 7 |
_aGeopolítica _zAsia central. |
|
| 700 | 1 |
_aGonzález, Alex, _eed. |
|
| 700 | 1 |
_aClaudín, Carmen, _eed. |
|
| 938 |
_aPuvill Libros _bPUVL _n9788487072970 _c$31.71 |
||
| 942 |
_2lcc _cbk |
||
| 994 |
_aC0 _bDRFGD |
||
| 999 |
_c95467 _d95467 |
||